000 00470nam a22001697a 4500
999 _c62594
_d62594
005 20241213114130.0
008 241213s2014 tu ||||| |||| 00| 0 tur d
020 _a9786058701021x
041 _atur
080 _a811.512.16 D-49
100 _aDeveli, Hayati
_923972
245 _aTurkce Ogretım setı :
_bA1 : Ders Kitabi /
_cHayati Develi.
264 _aAnkara,
_c2014.
300 _a168 p.;
_b30 cm.
653 _aთურქული ენა
942 _2udc
_cBK